[Event "AUTO-OPEN-08"]
[Site "http://www.queenalice.com/game.php?id=1328"]
[Date "2004.10.21"]
[Round "1"]
[White "kynyo"]
[Black "SethK"]
[Result "0-1"]
[WhiteElo "1256"]
[BlackElo "1941"]

1. d4 d5 2. c4 dxc4 3. e4 Nf6 4. Nc3 e6 5. a3 Nc6 6. Be3 Be7 7. Bxc4 O-O 8. e5
Nd5 9. Nxd5 exd5 10. Ba2 Re8 11. h3 f6 12. Nf3 Na5 13. O-O b6 14. Nd2 fxe5 15.
dxe5 Kh8 16. Qf3 Bb7 17. Qg4 c5 18. Nf3 Bc8 19. e6 c4 20. Ne5 Rf8 21. Bd4 Bf6
22. Rfe1 Bxe5 23. Rxe5 Qe7 24. Rae1 Nc6 25. Rxd5 Nxd4 26. Rxd4 b5 27. Rd5 a6 28.
Re3 Rf6 29. Rd7 Bxd7 30. exd7 Qf8 31. Re2 Rd6 32. Re4 Rd8 33. Rd4 Rxd4 34. Qxd4
Qe7 35. Qb6 Rxd7 36. Qxa6 Qe8 37. a4 Qf8 38. Kf1 Qe8 39. g4 Rd1+ 40. Kg2 Qe4+
41. f3 Rd2+ 42. Kg3 Qe1+ 43. Kf4 Rd4+ 44. Kf5 Rd5+ 45. Kf4 Qe5# 0-1

[Event "AUTO-OPEN-08"]
[Site "http://www.queenalice.com/game.php?id=1329"]
[Date "2004.10.21"]
[Round "1"]
[White "SethK"]
[Black "kynyo"]
[Result "0-1"]
[WhiteElo "1939"]
[BlackElo "1192"]

1. d4 d5 2. c4 Nf6 3. cxd5 Qxd5 4. Nc3 Qd8 5. e4 e5 6. dxe5 Qxd1+ 7. Nxd1 Nxe4
8. Bd3 Bb4+ 9. Nc3 Nxc3 10. a3 Ba5 11. Bd2 Bb6 12. Bxc3 Be6 13. Nf3 h6 14. O-O
c5 15. Be4 Nc6 16. Nd2 Rb8 17. Bxc6+ bxc6 18. Ne4 O-O 19. Nd6 a5 20. Rac1 Bd5
21. f3 c4+ 22. Kh1 Be3 23. Rcd1 Bf4 24. g3 Bg5 25. Rd4 f6 26. Nxc4 a4 27. Kg1
fxe5 28. Rd3 Bxc4 29. Rfd1 Bxd3 30. Rxd3 Rbd8 31. Rxd8 Bxd8 32. Bxe5 Rxf3 33.
Kg2 Rb3 0-1

[Event "AUTO-OPEN-09"]
[Site "http://www.queenalice.com/game.php?id=1372"]
[Date "2004.10.23"]
[Round "1"]
[White "SethK"]
[Black "gambit_h4"]
[Result "1-0"]
[WhiteElo "1941"]
[BlackElo "1001"]

1. d4 Nf6 2. g4 Ne4 3. f3 Nd6 4. e4 f6 5. Nc3 b6 6. Be3 Bb7 7. Bd3 g6 8. Qd2 Bg7
9. Bh6 O-O 10. O-O-O Nc6 11. Nge2 Nf7 12. Bxg7 Kxg7 13. f4 Nb4 14. Bc4 Nd6 15.
Bd3 Nxd3+ 16. Qxd3 Nf7 17. f5 Nh6 18. fxg6 hxg6 19. Rdg1 g5 20. h4 d6 21. hxg5
fxg5 22. Rh5 e6 23. Rgh1 Rh8 24. Qh3 Qf6 25. Rf1 Qg6 26. Ng1 Raf8 27. Rxf8 Rxf8
28. Qe3 Nxg4 29. Qxg5 Rf1+ 30. Kd2 Rxg1 31. Qe7+ Kg8 32. Rg5 Rg2+ 33. Ne2 1-0

[Event "AUTO-OPEN-09"]
[Site "http://www.queenalice.com/game.php?id=1373"]
[Date "2004.10.23"]
[Round "1"]
[White "gambit_h4"]
[Black "SethK"]
[Result "0-1"]
[WhiteElo "1100"]
[BlackElo "1941"]

1. e4 e5 2. Nf3 Nc6 3. Bb5 Nf6 4. O-O Bc5 5. Bxc6 bxc6 6. Nxe5 O-O 7. d4 Bb6 8.
Bg5 h6 9. Bh4 Bb7 10. Ng4 g5 11. e5 Nd5 12. Nxh6+ Kh7 13. Qh5 Nf4 14. Qxg5 Qxg5
15. Bxg5 Ne2+ 16. Kh1 Bxd4 17. c3 Bb6 18. Nf5 Kg6 19. f4 Kxf5 20. Re1 Nxf4 21.
Bxf4 Kxf4 22. Nd2 Rh8 23. Re4+ Kf5 24. Rf1+ Ke6 25. Rf6+ Ke7 26. Re2 Rh7 27. Ne4
Rah8 28. h3 c5 29. Ref2 Bxe4 30. Kg1 c4 0-1

[Event "AUTO-OPEN-10"]
[Site "http://www.queenalice.com/game.php?id=1408"]
[Date "2004.10.25"]
[Round "1"]
[White "swayne"]
[Black "SethK"]
[Result "1-0"]
[WhiteElo "1422"]
[BlackElo "1939"]

1. e4 c5 2. Nf3 d6 3. Bc4 e6 4. Nc3 Nc6 5. O-O Nf6 6. d3 a6 7. a3 Be7 8. Re1 O-O
9. Bg5 b5 10. Ba2 b4 11. axb4 cxb4 12. Na4 Qa5 13. Bb3 Nd4 14. Nxd4 Qxg5 15. Nc6
Re8 16. Nxb4 Nh5 17. Qf3 Rf8 18. Nc6 Bd8 19. Nxd8 Rxd8 20. e5 dxe5 21. Qxa8 e4
22. Qxe4 e5 23. Qxe5 Qxe5 24. Rxe5 Nf6 25. Rae1 h6 26. Re7 Rf8 27. c4 Be6 28.
Nc5 1-0

[Event "AUTO-OPEN-10"]
[Site "http://www.queenalice.com/game.php?id=1409"]
[Date "2004.10.25"]
[Round "1"]
[White "SethK"]
[Black "swayne"]
[Result "1-0"]
[WhiteElo "1941"]
[BlackElo "1456"]

1. d4 d5 2. c4 Nf6 3. cxd5 Nxd5 4. e4 Nb6 5. Nf3 Bg4 6. Be2 e6 7. O-O Be7 8. Nc3
O-O 9. Ne5 Bxe2 10. Qxe2 Qxd4 11. Nf3 Qd7 12. Rd1 Bd6 13. e5 Qc6 14. exd6 cxd6
15. Be3 Nc4 16. Nd4 Qc8 17. Ndb5 d5 18. Nxa7 Qd7 19. Nab5 Nxb2 20. Qxb2 Nc6 21.
Nd4 Ne5 22. Qb5 Qc7 23. Rac1 Nc4 24. Na4 Ra5 25. Qb3 Qd7 26. Nb6 Nxb6 27. Qxb6
Rxa2 28. h3 e5 29. Nf3 e4 30. Nd4 Rfa8 31. Rc7 Qa4 32. Rdc1 h6 33. Rc8+ Rxc8 34.
Rxc8+ Kh7 35. Qxb7 Qd1+ 36. Kh2 Qh5 37. Qb8 Ra6 38. Rh8+ Kg6 39. Qg3+ Kf6 40.
Rd8 g5 41. Rd6+ Rxd6 42. Qxd6+ Kg7 43. Nf5+ Kg8 44. Qd8+ Kh7 45. Qf8 Qg6 46. Bd4
1-0

[Event "AUTO-OPEN-06"]
[Site "http://www.queenalice.com/game.php?id=3011"]
[Date "2004.12.23"]
[Round "2"]
[White "SethK"]
[Black "kynyo"]
[Result "1-0"]
[WhiteElo "1941"]
[BlackElo "1495"]

1. d4 d5 2. c4 Nf6 3. cxd5 Qxd5 4. Nc3 Qf5 5. Nf3 Nc6 6. e3 Nb4 7. Qa4+ Nc6 8.
Bb5 Bd7 9. O-O e6 10. Re1 Bd6 11. e4 Nxe4 12. Nxe4 Be7 13. Bg5 Bxg5 14. Nexg5
O-O 15. Ne4 a6 16. Bxc6 Bxc6 17. Qc2 Rfc8 18. Qe2 Bb5 19. Ng3 Qd5 20. Qe5 Qxe5
21. Nxe5 c5 22. dxc5 Rxc5 23. b4 Rd5 24. a4 Be8 25. Rad1 Bxa4 26. Rxd5 exd5 27.
Nf5 Bb3 28. Nd6 d4 29. Nxb7 f6 30. Nd3 Bc4 31. Nbc5 a5 32. bxa5 Rxa5 33. f3 Ra8
34. Re4 Rd8 35. Nb7 Rd5 36. Nbc5 Kf7 37. g4 g5 38. f4 h5 39. fxg5 Rxg5 40. Rxd4
Bb5 41. h3 hxg4 42. Ne4 gxh3+ 43. Nxg5+ fxg5 44. Ne5+ Kf6 45. Nf3 Be8 46. Kf2
Bh5 47. Nh2 Kf5 48. Kg3 Ke5 49. Rb4 Be2 50. Kxh3 Kf5 51. Kg3 Ke5 52. Rb2 Bd1 53.
Rf2 Ke4 54. Rf8 Ke3 55. Nf3 Bxf3 56. Rxf3+ Ke4 57. Kg4 Ke5 58. Kxg5 Ke4 59. Rf4
Ke5 60. Rf5 Ke4 61. Kf6 Ke3 62. Ke5 Kd3 63. Rf4 Ke3 64. Re4 Kd3 65. Kd5 Kc3 66.
Re3+ Kb4 67. Rd3 Kb5 68. Rd4 Kb6 69. Rc4 Kb5 70. Rc5+ Kb4 71. Kc6 Kb3 72. Kb5
Kb2 73. Kb4 Ka2 74. Rc2+ Kb1 75. Kb3 Ka1 76. Rc1# 1-0

[Event "AUTO-OPEN-06"]
[Site "http://www.queenalice.com/game.php?id=3012"]
[Date "2004.12.23"]
[Round "2"]
[White "kynyo"]
[Black "SethK"]
[Result "1-0"]
[WhiteElo "1590"]
[BlackElo "1819"]

1. e4 c5 2. Bc4 Nc6 3. Nf3 e6 4. O-O d5 5. exd5 exd5 6. Re1+ Be7 7. Bb5 Bd7 8.
a4 Nf6 9. h3 O-O 10. d3 a6 11. Bxc6 Bxc6 12. Qe2 Re8 13. Qf1 Qd7 14. Ne5 Qc7 15.
Nxc6 Qxc6 16. Nd2 Bd6 17. Nf3 Rxe1 18. Qxe1 Re8 19. Qd1 h6 20. b3 d4 21. Bd2 Nd5
22. Nh4 Qd7 23. Qf3 Re5 24. Re1 Rxe1+ 25. Bxe1 g6 26. Bd2 Qe6 27. Qe4 Qxe4 28.
dxe4 Nf4 29. Kf1 h5 30. Nf3 f6 31. Ba5 b5 32. axb5 axb5 33. Bd2 Ne6 34. g3 c4
35. bxc4 bxc4 36. Ke2 c3 37. Bc1 g5 38. h4 g4 39. Ne1 Kf7 40. Kf1 Nc5 41. Ba3
Nxe4 42. Bxd6 Nxd6 43. Nd3 Ke6 44. Nf4+ Ke5 45. Nxh5 d3 46. Nf4 dxc2 47. Nd3 Kd4
48. Nc1 Nc4 49. Ke2 Nd2 50. h5 Kc4 51. h6 Nb3 52. h7 Nxc1+ 53. Kf1 Nd3 54. h8=Q
c1=Q+ 55. Kg2 Qd2 56. Qc8+ Kb3 57. Qe6+ Kc2 58. Qa2+ Kd1 59. Qa4+ c2 60. Qxg4+
Qe2 61. Qa4 Qxf2+ 62. Kh3 1-0

[Event "AUTO-OPEN-08"]
[Site "http://www.queenalice.com/game.php?id=3699"]
[Date "2005.1.11"]
[Round "2"]
[White "kynyo"]
[Black "SethK"]
[Result "0-1"]
[WhiteElo "1469"]
[BlackElo "1941"]

1. d4 d5 2. Nf3 e6 3. e3 Nf6 4. Be2 c5 5. c4 cxd4 6. Nxd4 Bc5 7. O-O O-O 8. Nc3
Nc6 9. Nxc6 bxc6 10. Bf3 Ba6 11. Na4 Bb4 12. Bd2 Bxd2 13. Qxd2 Bxc4 14. Nc5 Bxf1
15. Kxf1 Qb6 16. b4 a5 17. Nd3 axb4 18. Nxb4 Qa5 19. a3 c5 20. e4 dxe4 21. Qa2
cxb4 22. Be2 bxa3 23. g3 Rfb8 24. Qc4 a2 25. Rxa2 Rb1+ 26. Kg2 Qxa2 27. h3 Qxc4
28. Bxc4 Raa1 29. g4 e5 30. Kg3 Rg1+ 31. Kh2 Rh1+ 32. Kg3 Rag1+ 33. Kh4 Rxg4#
0-1

[Event "AUTO-OPEN-08"]
[Site "http://www.queenalice.com/game.php?id=3700"]
[Date "2005.1.11"]
[Round "2"]
[White "SethK"]
[Black "kynyo"]
[Result "0-1"]
[WhiteElo "1794"]
[BlackElo "1615"]

1. d4 d5 2. c4 e6 3. Nc3 Bb4 4. cxd5 Qxd5 5. e3 Bxc3+ 6. bxc3 Nf6 7. Ba3 Nc6 8.
Nf3 Bd7 9. Bd3 O-O-O 10. O-O e5 11. Nd2 e4 12. Bc2 h5 13. Qb1 Na5 14. Nxe4 Nxe4
15. Bxe4 Qg5 16. Bb4 Nc4 17. Be7 Qb5 18. Qxb5 Bxb5 19. Bxd8 Rxd8 20. Bd3 a6 21.
a4 Nb2 22. Bxb5 axb5 23. axb5 Kd7 24. Ra7 b6 25. Rfa1 Nc4 26. Ra8 g5 27. Rxd8+
Kxd8 28. Ra4 Nd2 29. Ra8+ Ke7 30. Rg8 Ne4 31. c4 f6 32. f3 Nd6 33. Rg7+ Kd8 34.
c5 bxc5 35. dxc5 Nxb5 36. Rf7 Nc3 37. Rxf6 Nd5 38. Rf5 Nxe3 39. Rxg5 h4 40. Re5
Nc2 41. Rd5 Ke7 42. c6 Nb4 43. Rd7+ Ke8 44. Rxc7 Kd8 45. Rh7 Nxc6 46. Rxh4 Ne5
47. Re4 Ng6 48. f4 Kd7 49. f5 Ne7 0-1

[Event "AUTO-OPEN-09"]
[Site "http://www.queenalice.com/game.php?id=3718"]
[Date "2005.1.12"]
[Round "2"]
[White "SethK"]
[Black "Lauantai"]
[Result "0-1"]
[WhiteElo "1941"]
[BlackElo "1558"]

1. d4 Nf6 2. c4 e6 3. Nc3 Bb4 4. Qc2 c5 5. e3 O-O 6. Nf3 b6 7. Be2 Bb7 8. O-O
cxd4 9. exd4 d5 10. a3 Be7 11. Ne5 dxc4 0-1

[Event "AUTO-OPEN-07"]
[Site "http://www.queenalice.com/game.php?id=3951"]
[Date "2005.1.18"]
[Round "2"]
[White "SethK"]
[Black "gamelover"]
[Result "0-1"]
[WhiteElo "1849"]
[BlackElo "1856"]

1. d4 Nf6 2. c4 e6 3. Nc3 Bb4 4. Qc2 d5 5. c5 Ne4 6. a3 Bxc3+ 7. bxc3 O-O 8. Nf3
b6 9. cxb6 cxb6 10. e3 Qc7 11. c4 Ba6 12. Nd2 Nxd2 13. Bxd2 Bxc4 14. Bd3 f5 0-1

[Event "AUTO-OPEN-07"]
[Site "http://www.queenalice.com/game.php?id=3952"]
[Date "2005.1.18"]
[Round "2"]
[White "gamelover"]
[Black "SethK"]
[Result "1-0"]
[WhiteElo "1872"]
[BlackElo "1833"]

1. d4 Nf6 2. c4 e6 3. Nc3 Bb4 4. Nf3 Ne4 5. Qc2 Nxc3 6. bxc3 Ba5 7. e4 O-O 8.
Bd3 d6 9. O-O c5 10. e5 g6 11. Be3 dxe5 12. Nxe5 1-0